[Event "ESP-chT U16 4th"]
[Site "Benidorm"]
[Date "2011.12.08"]
[Round "3.2"]
[White "Silva Rodriguez, Julio Jose"]
[Black "Piriz Fernandez, Daniel"]
[Result "1-0"]
[WhiteElo "2095"]
[BlackElo "1947"]
[PlyCount "103"]
[EventDate "2011.12.07"]
[EventType "team"]
[EventRounds "6"]
[EventCountry "ESP"]
[SourceTitle "EXT 2015"]
[Source "ChessBase"]
[SourceDate "2014.11.20"]
[SourceVersion "1"]
[SourceVersionDate "2014.11.20"]
[SourceQuality "1"]
[WhiteTeam "Manises Eva (U16)"]
[BlackTeam "Villafranca (U16)"]
[WhiteTeamCountry "ESP"]
[BlackTeamCountry "ESP"]

1. e4 e6 2. d4 d5 3. Nd2 Nf6 4. e5 Nfd7 5. f4 c5 6. Ngf3 Nc6 7. Nb3 Qb6 8. c3 cxd4 9. Nfxd4 Nc5 10. Be2 Nxb3 11. Nxb3 Bd7 12. Qd3 a6 13. Be3 Qc7 14. a4 Rc8 15. 0-0 Be7 16. a5 Qb8 17. Bb6 Na7 18. Qe3 Nb5 19. Nc5 Bxc5 20. Bxc5 Rxc5 21. Qxc5 Qa7 22. Qxa7 Nxa7 23. c4 dxc4 24. Bxc4 Ke7 25. Rfd1 Rc8 26. Bd3 Bc6 27. Rac1 Rc7 28. Be2 Rd7 29. Rxd7+ Kxd7 30. Kf2 f6 31. Bc4 Nb5 32. Bxb5 Bxb5 33. Ke3 f5 34. Kd4 Bc6 35. Kc5 Kc7 36. Rg1 g6 37. g4 fxg4 38. Rxg4 Be4 39. Rh4 h5 40. Rh3 Bf5 41. Rg3 Be4 42. Kd4 Bf5 43. Rc3+ Kd7 44. Ke3 Kd8 45. Kf3 h4 46. Ke3 Kd7 47. Kd4 Kd8 48. Kc5 Kc7 49. Rc1 Bg4 50. Rg1 Bf5 51. Rg5 h3 52. Rg3 1-0

[Event "ESP-chT U16"]
[Site "Benidorm"]
[Date "2010.12.08"]
[Round "6"]
[White "Piriz Fernandez, Daniel"]
[Black "Tallo Dominguez, Imar"]
[Result "0-1"]
[WhiteElo "1915"]
[BlackElo "2205"]
[PlyCount "109"]
[EventDate "2010.12.04"]
[EventType "team"]
[EventRounds "6"]
[EventCountry "ESP"]
[SourceTitle "EXT 2014"]
[Source "ChessBase"]
[SourceDate "2013.11.20"]
[SourceVersion "1"]
[SourceVersionDate "2013.11.20"]
[SourceQuality "1"]

1. d4 Nf6 2. Nf3 c5 3. d5 b5 4. c4 bxc4 5. Nc3 d6 6. Nd2 g6 7. e4 Nbd7 8. Nxc4 Bg7 9. f4 Nb6 10. Be2 Nxc4 11. Bxc4 0-0 12. 0-0 Rb8 13. Rb1 Rb4 14. b3 Ng4 15. Ne2 f5 16. h3 Nf6 17. e5 dxe5 18. fxe5 Ne4 19. Bb2 Kh8 20. Qc2 Qc7 21. Nc3 Nxc3 22. Bxc3 Rb8 23. Rbe1 Bb7 24. Qb2 Qc8 25. e6 Bxc3 26. Qxc3+ Kg8 27. d6 Qc6 28. Qg3 f4 29. dxe7 Rf5 30. Qf3 Qxf3 31. gxf3 Re8 32. Rd1 Rxe7 33. Rd7 Kf8 34. Rfd1 Bc6 35. Rd8+ Re8 36. R8d6 Bxf3 37. Rf1 Be4 38. Re1 Rg5+ 39. Kf2 Re5 40. Rd7 Re7 41. Rxe7 Kxe7 42. Bd3 Kxe6 43. Bxe4 Kf6 44. Kf3 Rh5 45. Rc1 Rxh3+ 46. Kxf4 g5+ 47. Kg4 Rh4+ 48. Kf3 Rh3+ 49. Kg2 Rh4 50. Bf3 Rd4 51. Kg3 Rd2 52. Rxc5 Rxa2 53. Kg4 Rb2 54. Bd5 Rd2 55. Bc4 0-1

[Event "Collado Villalba op-B 26th"]
[Site "Collado Villalba"]
[Date "2009.08.25"]
[Round "5"]
[White "Piriz Fernandez, Daniel"]
[Black "Morona Minguez, Irene"]
[Result "1-0"]
[WhiteElo "1841"]
[BlackElo "1838"]
[PlyCount "89"]
[EventDate "2009.08.21"]
[EventType "swiss"]
[EventRounds "9"]
[EventCountry "ESP"]
[SourceTitle "EXT 2011"]
[Source "ChessBase"]
[SourceDate "2010.11.26"]
[SourceVersion "1"]
[SourceVersionDate "2010.11.26"]
[SourceQuality "1"]

1. d4 Nf6 2. Nf3 g6 3. g3 Bg7 4. Bg2 0-0 5. 0-0 d6 6. Bg5 h6 7. Bf4 Nfd7 8. e4 e5 9. Be3 Nc6 10. c3 Ne7 11. Nh4 c6 12. f4 exf4 13. gxf4 Nd5 14. exd5 Qxh4 15. dxc6 bxc6 16. Bxc6 Rb8 17. b3 Nf6 18. Qe1 Qh5 19. Bf3 Bg4 20. Qg3 Rfe8 21. Bg2 Be2 22. Re1 Re7 23. Nd2 Rbe8 24. Bf2 Qf5 25. Bf3 Bxf3 26. Qxf3 Nd5 27. Rxe7 Rxe7 28. Re1 Rxe1+ 29. Bxe1 Nxf4 30. Bg3 Nh3+ 31. Kg2 Qe6 32. Qe4 Qxe4+ 33. Nxe4 d5 34. Nd6 Ng5 35. Nb5 Ne4 36. Be1 a5 37. Nc7 Nf6 38. c4 dxc4 39. bxc4 Nd7 40. Nb5 a4 41. c5 Bxd4 42. c6 Bf6 43. cxd7 Kf8 44. Bb4+ Kg7 45. Bc3 1-0

[Event "Collado Villalba op-B 26th"]
[Site "Collado Villalba"]
[Date "2009.08.23"]
[Round "3"]
[White "Garcia Burguillo, Javier"]
[Black "Piriz Fernandez, Daniel"]
[Result "0-1"]
[WhiteElo "1714"]
[BlackElo "1841"]
[PlyCount "100"]
[EventDate "2009.08.21"]
[EventType "swiss"]
[EventRounds "9"]
[EventCountry "ESP"]
[SourceTitle "EXT 2011"]
[Source "ChessBase"]
[SourceDate "2010.11.26"]
[SourceVersion "1"]
[SourceVersionDate "2010.11.26"]
[SourceQuality "1"]

1. e4 e6 2. d4 d5 3. exd5 exd5 4. Bd3 Bd6 5. Qf3 Nc6 6. c3 Nf6 7. h3 0-0 8. Ne2 h6 9. 0-0 Ne7 10. Bf4 Bxf4 11. Qxf4 c6 12. Nd2 Ng6 13. Qf3 Qc7 14. Qg3 Qxg3 15. Nxg3 Nf4 16. Bc2 b6 17. Rfe1 Ba6 18. Ndf1 c5 19. Nf5 Rfe8 20. N1g3 Re6 21. Ne7+ Kf8 22. Rxe6 Nxe6 23. Nef5 Rc8 24. Rd1 h5 25. dxc5 bxc5 26. Bd3 Bxd3 27. Rxd3 g6 28. Ne3 Nf4 29. Rd2 d4 30. cxd4 h4 31. Ngf1 cxd4 32. Rc2 Re8 33. Nc4 d3 34. Rd2 Ne4 35. Rd1 Ne2+ 36. Kh2 Nxf2 37. Rd2 Re4 38. Nfe3 Kg7 39. b3 f6 40. Nd1 Nxd1 41. Rxd1 Nf4 42. Rd2 Re2 43. Kg1 Nxg2 44. Rxd3 Rxa2 45. Rd4 g5 46. Nd2 Nf4 47. Rd7+ Kg6 48. Rd6 Nxh3+ 49. Kf1 Nf4 50. Ne4 Nh5 0-1

[Event "Collado Villalba op-B 26th"]
[Site "Collado Villalba"]
[Date "2009.08.21"]
[Round "1"]
[White "Zea Ruiz, Elena"]
[Black "Piriz Fernandez, Daniel"]
[Result "0-1"]
[WhiteElo "1642"]
[BlackElo "1841"]
[PlyCount "56"]
[EventDate "2009.08.21"]
[EventType "swiss"]
[EventRounds "9"]
[EventCountry "ESP"]
[SourceTitle "EXT 2011"]
[Source "ChessBase"]
[SourceDate "2010.11.26"]
[SourceVersion "1"]
[SourceVersionDate "2010.11.26"]
[SourceQuality "1"]

1. d4 Nf6 2. c4 c5 3. e3 e6 4. Nc3 cxd4 5. exd4 b6 6. Nf3 Bb7 7. Bg5 Be7 8. Be2 0-0 9. 0-0 h6 10. Bh4 Nc6 11. d5 exd5 12. Bxf6 Bxf6 13. cxd5 Ne5 14. Rc1 d6 15. Nxe5 Bxe5 16. f4 Bf6 17. b3 Re8 18. Nb5 Rc8 19. Rxc8 Qxc8 20. Kh1 Qc5 21. Bc4 a6 22. Na7 b5 23. Re1 Rxe1+ 24. Qxe1 bxc4 25. Qe8+ Kh7 26. Nc6 cxb3 27. Qe4+ g6 28. h3 bxa2 0-1

[Event "San Sebastian Constitucion op 10th"]
[Site "San Sebastian"]
[Date "2008.12.06"]
[Round "7"]
[White "Piriz Fernandez, Daniel"]
[Black "Rodrigo Yanguas, Maria"]
[Result "1-0"]
[WhiteElo "1770"]
[BlackElo "2037"]
[PlyCount "125"]
[EventDate "2008.11.30"]
[EventType "swiss"]
[EventRounds "9"]
[EventCountry "ESP"]
[SourceTitle "CBM 127 Extra"]
[Source "ChessBase"]
[SourceDate "2009.01.08"]
[SourceVersion "2"]
[SourceVersionDate "2009.01.28"]
[SourceQuality "1"]

1. d4 d5 2. c4 c6 3. Nf3 Nf6 4. Nc3 a6 5. Bf4 dxc4 6. a4 Nd5 7. Bd2 Nxc3 8. bxc3 b5 9. e4 Bb7 10. Ng5 h6 11. Nf3 e6 12. Ne5 Nd7 13. Bf4 Nf6 14. f3 Be7 15. Qb1 Nh5 16. Bg3 Bh4 17. Kf2 Qg5 18. Bxh4 Qxh4+ 19. Kg1 Rb8 20. Qb4 Qe7 21. Re1 Qd8 22. axb5 cxb5 23. Be2 Nf6 24. Rb1 Qc7 25. h4 Nh5 26. Bxc4 bxc4 27. Nxc4 Rd8 28. e5 Bc8 29. Nd6+ Rxd6 30. exd6 Qd7 31. Qc5 Nf6 32. Rb8 0-0 33. Rh3 Rd8 34. c4 Ne8 35. f4 Nxd6 36. Rhb3 Nf5 37. d5 exd5 38. cxd5 Qe8 39. Qc7 Qe1+ 40. Kh2 Qe7 41. Rxc8 Qxc7 42. Rxc7 Rxd5 43. Rb8+ Kh7 44. Rxf7 Nxh4 45. Rbb7 Nf5 46. g4 Rd2+ 47. Kg1 Nh4 48. Rxg7+ Kh8 49. Rh7+ Kg8 50. Rbg7+ Kf8 51. Rd7 Rg2+ 52. Kf1 Kg8 53. g5 Rg4 54. Rdg7+ Kf8 55. Rf7+ Kg8 56. gxh6 Nf3 57. Rhg7+ Rxg7 58. Rxg7+ Kh8 59. f5 Nd4 60. f6 Ne6 61. f7 a5 62. Rg8+ Kh7 63. f8Q 1-0